Desarrollo y construcción de cuerpos geométricos, 5o y 6o. años

Gespeichert in:
Bibliographische Detailangaben
1. Verfasser: Martínez Díaz Jesús
Format: Buch
Sprache:Spanisch
Erschienen: Guadalajara, Jal Eds. El Estudiante [s. a.]
Katalog:MANES:  Suchergebnis im Bibliothekskatalog
Schulbuchspezifische Eigenschaften:
Tags: Tag hinzufügen
Keine Tags, Fügen Sie den ersten Tag hinzu!
Hinzugefügt zu:06.12.2018
Geändert in:05.04.2022

MARC

LEADER 00000nam a2200000 4500
005 20220406014858.0
008 181207b xxu||||| |||| 00| 0 spa d
040 |a centro_manes  |c  universidad_colima 
100 |9 23098  |a Martínez Díaz Jesús 
245 |a Desarrollo y construcción de cuerpos geométricos, 5o y 6o. años  
260 |a Guadalajara, Jal   |b Eds. El Estudiante   |c [s. a.] 
300 |a 44 p.   |c 22 cm 
500 |a Aparece: Francisco Ziga, "Bibliografía Pedagógica. Libros de texto para enseñanza primaria:1850-1970 V. Libros de Matemáticas" en Boletín del Instituto de Investigaciones Bibliográficas 1981-1982, Biblioteca Nacional, Hemeroteca Nacional, Universidad Nacional Autónoma de México, Nos. 18 - 19,p.50. 
690 0 |a MATE 
691 0 |a PRI 
942 |2 ddc  |c BK 
999 |c 53849  |d 53849 
999 |c manes:53849  |d 53849